000 00759nam a2200265 a 4500
001 000026911
003 DO-SdBNP
005 20240513201349.0
007 ta
008 110328s1979 dr a 000 0 spa d
040 _aDO-SdBNP
_bspa
_cBNPHU
082 4 _a301
_bC334h, 1979
_222
100 1 _aCasado, Lucio
_96670
245 1 0 _aHombre y sociedad /
_cLucio Casado.
260 _aSanto Domingo :
_bSusaeta,
_c1979.
300 _a327 p :
_bil. ;
_c20 cm.
504 _aBibliografía : p. 327
590 _aInventariado, 2022/BT
650 0 _aCambio social
_91661
650 4 _aSociología educativa
_953721
650 0 _aClases sociales
_91062
650 4 _aAntropología social
_92424
910 _aValidado. Control de calidad MFF
942 _2ddc
_cLBS1
999 _c26403
_d26403